Name All Chiefs of the Astronaut Office - Statistics

General Stats
  • This quiz has been taken 2 times
  • The average score is 3 of 19
Answer Stats
Time Served Chief % Correct
September 18, 1962 - July 8, 1964 Deke Slayton
100%
July 8, 1964 - August 7, 1969 Alan Shepard
50%
June 25, 1971 - January 14, 1974 Alan Shepard
50%
January 14, 1974- April 15, 1987 John Young
50%
August 7, 1969 - June 25, 1971 Tom Stafford
50%
October 1998 - November 2002 Charles Precourt
0%
July 2015 - June 2, 2017 Christopher Cassidy
0%
April 27, 1987 - October 1992 Dan Brandenstein
0%
December 20, 2020 - February 2, 2023 Gregory R. Wiseman
0%
February 2, 2023 - November 2025 Joseph M. Acaba
0%
October 1997 - October 1998 Kenneth Cockrell
0%
November 2002 - September 2006 Kent Rominger
0%
June 2, 2017 - December 20, 2020 Patrick Forrester
0%
October 2009 - July 2012 Peggy Whitson
0%
July 2012 - July 2015 Robert Behnken
0%
September 6, 1994 - October 1997 Robert Cabana
0%
December 8, 1992 - September 6, 1994 Robert Gibson
0%
November 2025 - Present Scott Tingle
0%
September 2006 - October 2009 Steven W. Lindsey
0%
No matching quizzes found
Score Distribution
Percent of People with Each Score
Percentile by Number Answered
Your Score History
You have not taken this quiz